000 01013nam a22003017a 4500
003 BCEG
005 20260325111042.0
008 260325s2021 mx |||||||||||||| 0 spa d
020 _a9789962048381 (v. 1)
020 _a9789962048374 (v. 3)
020 _a9789962048404 (v. 4)
040 _aBCEG
_bspa
_cBCEG
082 0 4 _aI591
_bA598b
245 1 0 _a[Libros para el baño]
246 _aUn mágico unicornio.
246 _aUn divertido dinosaurio.
246 _aUn día en la jungla.
260 _a[México :
_bLexus Editores],
_c2024.
300 _a[8] p. :
_b: il., col.
500 _aLa biblioteca solo cuenta con el v. 1, v. 3 y v. 4.
500 _aTítulo tomado del catálogo del editor.
505 _gv. 1.
_tUn divertido dinosaurio --
_gv. 3.
_tUn mágico unicornio --
_gv. 4.
_tUn día en la jungla.
535 _aDisponible en la colección infantil de 0-3 años.
541 _aCompra.
650 1 4 _aAnimales
_vLibros y lecturas para niños.
650 1 4 _aLibros para bebés.
942 _cBK
999 _c437132
_d437132